US housing market riding high (Record no. 73270)

MARC details
000 -LEADER
fixed length control field 01400cam a2200241 4500
001 - CONTROL NUMBER
control field WB3931-23
008 - FIXED-LENGTH DATA ELEMENTS--GENERAL INFORMATION
fixed length control field 030821n2003 000 0 eng u
035 ## - SYSTEM CONTROL NUMBER
System control number (Sirsi) u123339
245 ## - TITLE STATEMENT
Title US housing market riding high
260 ## - PUBLICATION, DISTRIBUTION, ETC.
Date of publication, distribution, etc. 2003
490 ## - SERIES STATEMENT
Series statement RICS News Service
Volume/sequential designation 20 August 2003 (1)
520 ## - SUMMARY, ETC.
Summary, etc. US home construction reached its highest level in 17 years according to the US Commerce Department. New housing starts climbed to 1.87m in July, up 1.5% from the previous month with single-family housing starts up 1.9% up on June at 1.52m, the highest since 1978 and the third highest figure on record. The National Association of Realtors' statistics show that existing condominium and co-operative sales set a record in the second quarter 2003. The National Association of Home Builders reports that builder confidence in the market for new single-family homes surged in August as home buyers rushed to get mortgages at attractive rates. http://www.rics.org/ricscms/bin/show?class=News&template=/includes/shownews.html&id=6761&region=USA&region=Americas
590 ## - LOCAL NOTE (RLIN)
Local note WB
650 ## - SUBJECT ADDED ENTRY--TOPICAL TERM
Topical term or geographic name entry element UNITED STATES
650 ## - SUBJECT ADDED ENTRY--TOPICAL TERM
Topical term or geographic name entry element CO-OPERATIVE HOUSING
650 ## - SUBJECT ADDED ENTRY--TOPICAL TERM
Topical term or geographic name entry element HOUSING STARTS
650 ## - SUBJECT ADDED ENTRY--TOPICAL TERM
Topical term or geographic name entry element Sales
9 (RLIN) 6269
650 ## - SUBJECT ADDED ENTRY--TOPICAL TERM
Topical term or geographic name entry element HOUSE BUILDING
650 ## - SUBJECT ADDED ENTRY--TOPICAL TERM
Topical term or geographic name entry element CONDOMINIUMS
690 ## - LOCAL SUBJECT ADDED ENTRY--TOPICAL TERM (OCLC, RLIN)
Topical term or geographic name as entry element INTERNATIONAL-AMERICAS
856 ## - ELECTRONIC LOCATION AND ACCESS
Uniform Resource Identifier <a href="https://www.rics.org/RICSWEB/getpage.aspx?p=SVjFzUbLmUCBic4MGEWCAA">https://www.rics.org/RICSWEB/getpage.aspx?p=SVjFzUbLmUCBic4MGEWCAA</a>
942 ## - ADDED ENTRY ELEMENTS (KOHA)
Suppress in OPAC 0
Holdings
Withdrawn status Lost status Source of classification or shelving scheme Damaged status Not for loan Home library Current library Shelving location Date acquired Total Checkouts Full call number Barcode Date last seen Copy number Price effective from Koha item type
    Dewey Decimal Classification     London London Journal article 21/08/2003   WB3931-23 123339-1001 06/08/2019 1 06/08/2019 Journal article